00611cam a2200205 a 450000100100000000500170001000800410002702000150006804000230008308200260010610000320013224500760016425000110024026000370025130000210028849000260030965000190033565000230035483000280037700000984420240306164224.0840820s1983 sp 000 d spa d a8432204757 aDO-SdBNPcDLCdDLC aPe862.44bV297k, 19831 aVargas Llosa, Mario,d1936-10aKathie y el hipopótamo :bcomedia en dos actos /cMario Vargas Llosa. a2a ed. aBarcelona :bSeix Barral,c1983. a145 p. ;c20 cm.1 aBiblioteca Brevev627 4aTeatro peruano 4aLiteratura peruana 0aBiblioteca Breve ;v627